Statystyki dla Na jakim kontynencie leży te Państwo #4

Kliknij tutaj aby rozwiązać quiz!

Ogólne statystyki

  • Ten quiz został rozwiązany 128 razy
  • Średni wynik to 4 z 5

Statystyki odpowiedzi

ZagadnienieOdpowiedź% Poprawnych
Na jakim kontynencie leży BoliwiaAmeryka Południowa
93%
Na jakim kontynencie leży Sri lankaAzja
90%
Na jakim kontynencie leży MonakoEuropa
87%
Na jakim kontynencie leży DżibutiAfryka
82%
Na jakim kontynencie leży SalwadorAmeryka Pólnocna
81%

Rozkład punktacji

Percentyl według liczby udzielonych odpowiedzi

Procent ludzi z każdym wynikiem

Twoja historia wyników

Nie rozwiązałeś tego quizu